Ventajas del uso de fotografías aéreas e imágenes de radar para planeamiento regional

El presente trabajo tiene por objeto dar a conocer las propiedades y capacidades de las imágenes fotográficas y de radar, despertar el interés en ellas y promover su uso para estudios preliminares de los recursos naturales.

Bibliographic Details
Main Author: Montiel Gutiérrez, Berta Lorena
Other Authors: Tutor: Hansen A., Francisco
Format: Tesis Section = Libro
Language:Undetermined
Spanish
Published: Managua UNI 1976
Subjects:
LEADER 00972nam a2200241Ia 4500
008 240830s9999 xx 000 0 und d
040 |a BIBLIOTECA-RUSB/ Mon 621.367 M791 
041 |a spa 
082 |a Mon 621.367 M791 
100 1 |a Montiel Gutiérrez, Berta Lorena 
245 1 0 |a Ventajas del uso de fotografías aéreas e imágenes de radar para planeamiento regional 
260 |a Managua  |b UNI  |c 1976 
300 |a 174 p. :il. 
502 |a Tesis (Ingeniero Civil) - UNI, 1976. 
520 3 |a El presente trabajo tiene por objeto dar a conocer las propiedades y capacidades de las imágenes fotográficas y de radar, despertar el interés en ellas y promover su uso para estudios preliminares de los recursos naturales. 
650 7 |a FOTOGRAFIA Y FOTOOPTICA TECNICAS 
650 7 |b  FOTOGRAFIA AEREA 
650 7 |c  PLANTEAMIENTO REGIONAL 
650 7 |d  INGENIERIA CIVIL 
700 1 |a Tutor:  |b Hansen A., Francisco 
942 |c BK  |2 ddc 
991 |a TESIS 
999 |c 20216